| Поле | Инд. | ПП | Название | Значение |
|---|---|---|---|---|
| Тип записи | a | |||
| Библиографический уровень | b | |||
| 001 | Контрольный номер | 99f3130649b64a58a359bcee0588eaac | ||
| 005 | Дата корректировки | 20200629093258.4 | ||
| 008 | Кодируемые данные | 20170331 | ||
| 040 | b | Код языка каталог. | rus | |
| e | Правила каталог. | PSBO | ||
| 041 | 0_ | a | Код языка текста | rus |
| 084 | a | Индекс другой классификации/Индекс ББК | 67.408.015(2Рос) | |
| 100 | 1_ | a | Автор | Гарбатович Д. А. |
| 245 | 10 | a | Заглавие | Установление границ криминализации деяний посредством регламентации и правоприменения норм об обстоятельствах, исключающих преступность деяний |
| 520 | 0_ | a | Аннотация | В работе поднимается вопрос о том, что границы криминализации могут меняться не только посредством регламентации норм Особенной части Уголовного кодекса РФ, предусматривающих конкретные составы преступлений, но и через формулирование и правоприменение норм уголовного закона, закрепляющего иные непреступные уголовно-правовые деяния, например действия, совершенные при обстоятельствах, исключающих их преступность |
| 650 | 14 | a | Основная рубрика | право; уголовное право |
| 653 | 0_ | a | Ключевые слова | декриминализация |
| a | Ключевые слова | криминализация | ||
| a | Ключевые слова | обстоятельства, исключающие преступность деяния | ||
| a | Ключевые слова | Россия | ||
| a | Ключевые слова | состав преступления | ||
| a | Ключевые слова | уголовные преступления | ||
| a | Ключевые слова | Уголовный кодекс РФ | ||
| 773 | 08 | t | Заглавие источника | Российская юстиция |
| d | Дата издания источника | 2020 | ||
| g | Прочая информация | № 4. - С. 21 - 22 | ||
| w | Контрольный № источника | d9163a71ea1647108cab3fccfb4b3d86 | ||
| 901 | t | Тип документа | b |